000 00410nam a2200181Ia 4500
005 20240823040539.0
008 240823s9999||||xx |||||||||||||| ||und||
041 _aTAMIL
082 _A158.1 Q3
100 _aSugi Sivam
245 0 _aValthal Oru Kalai
250 _a1st
260 _c2013
_bKarpagam Publica
_aCoimbatore
500 _aYES
650 _aGeneral
_bGeneral
942 _cBK
999 _c203371
_d203371